|
|
|
|
| LEADER |
00798nam a22002417a 4500 |
| 001 |
AAL1113 |
| 003 |
BD-DhAAL |
| 005 |
20160430145440.0 |
| 008 |
160430m19961980enk |||| |||| 00| 0 eng d |
| 020 |
|
|
|a 074918192
|
| 040 |
|
|
|a BD-DhAAL
|c BD-DhAAL
|
| 082 |
|
|
|a 371.1
|
| 100 |
|
|
|a Taylor, Felicity
|9 19363
|
| 245 |
|
|
|a Careers in teaching /
|c Felicity Taylor
|
| 260 |
|
|
|a London :
|b Kogan Page,
|c 1996.
|
| 300 |
|
|
|a 94 p. ;
|c 22 cm.
|
| 541 |
|
|
|e 1113
|
| 650 |
|
|
|a Teaching --
|x Vocational guidance.
|9 19364
|
| 650 |
|
|
|a Karriere.
|9 19365
|
| 852 |
|
|
|a Savar Campus Library:
|c General Shelf
|
| 942 |
|
|
|2 ddc
|c BK
|
| 999 |
|
|
|c 37510
|d 37510
|
| 952 |
|
|
|0 0
|1 0
|2 ddc
|4 0
|6 371_100000000000000_TAY
|7 0
|9 58911
|a SCL
|b SCL
|c GEN
|d 2016-04-30
|g 702.00
|l 2
|m 8
|o 371.1 TAY
|p 3020001113
|r 2020-01-21
|s 2020-01-16
|t 1
|w 2016-04-30
|y BK
|